[Event "IND-ch U18 31st"]
[Site "Pollachi"]
[Date "2022.04.23"]
[Round "11"]
[White "Rakshith, Srinivasan"]
[Black "Ilamparthi, AR."]
[Result "0-1"]
[WhiteElo "2011"]
[BlackElo "2122"]
[PlyCount "101"]
[EventDate "2022.04.18"]
[EventType "swiss"]
[EventRounds "11"]
[EventCountry "IND"]
[SourceTitle "EXT 2023"]
[Source "ChessBase"]
[SourceDate "2022.10.05"]
[SourceVersion "1"]
[SourceVersionDate "2022.10.05"]
[SourceQuality "1"]

1. e4 c5 2. Nf3 d6 3. d4 cxd4 4. Nxd4 Nf6 5. Nc3 a6 6. Bc4 e6 7. Bb3 Be7 8. g4 h6 9. Be3 Nc6 10. f3 Ne5 11. Qe2 b5 12. 0-0-0 b4 13. Nb1 a5 14. Ba4+ Kf8 15. Nd2 Ba6 16. Bb5 Bxb5 17. Qxb5 Qc7 18. Kb1 a4 19. Qe2 a3 20. Nb5 Qc6 21. bxa3 bxa3 22. Nb3 Rb8 23. N5d4 Qc7 24. Bc1 d5 25. h3 dxe4 26. fxe4 Nfd7 27. Nf3 Kg8 28. Nxe5 Nxe5 29. h4 g6 30. g5 h5 31. Rh3 Kh7 32. Qh2 Bf8 33. Rf1 Bg7 34. Qe2 Rhc8 35. c3 Qa5 36. Kc2 Qa4 37. Bf4 Nc6 38. Kd2 Rxb3 39. axb3 Qxb3 40. Rc1 Qb2+ 41. Kd1 Qb3+ 42. Qc2 Qc4 43. Qe2 Qc5 44. Rd3 Na5 45. Bd6 Qc6 46. e5 Nc4 47. Rb1 Nb2+ 48. Rxb2 axb2 49. Qxb2 Qh1+ 50. Kc2 Qxh4 51. Qb7 0-1

[Event "IND-ch U18 31st"]
[Site "Pollachi"]
[Date "2022.04.22"]
[Round "10"]
[White "Rakshith, Srinivasan"]
[Black "Midilesh, MS."]
[Result "1-0"]
[WhiteElo "2011"]
[BlackElo "1349"]
[PlyCount "83"]
[EventDate "2022.04.18"]
[EventType "swiss"]
[EventRounds "11"]
[EventCountry "IND"]
[SourceTitle "EXT 2023"]
[Source "ChessBase"]
[SourceDate "2022.10.05"]
[SourceVersion "1"]
[SourceVersionDate "2022.10.05"]
[SourceQuality "1"]

1. e4 c5 2. Nf3 e6 3. d4 cxd4 4. Nxd4 a6 5. Bd3 Nf6 6. 0-0 Qc7 7. Qe2 d6 8. c4 Nbd7 9. f4 Be7 10. Nc3 0-0 11. Be3 b6 12. g4 g6 13. g5 Nh5 14. Rac1 Bb7 15. f5 exf5 16. exf5 Rae8 17. Nd5 Qb8 18. Qd2 Nc5 19. Nb3 Nxd3 20. Qxd3 Bd8 21. Rce1 b5 22. cxb5 Qa8 23. Nf6+ Bxf6 24. gxf6 Re4 25. h3 Rfe8 26. Na5 axb5 27. Nxb7 Qxb7 28. Qd2 Ng3 29. Rf3 Rg4 30. Qd1 Ne2+ 31. Kf2 Rxe3 32. Kxe3 Qe4+ 33. Kf2 Rf4 34. Qxe2 Rxf3+ 35. Qxf3 Qh4+ 36. Kf1 Qc4+ 37. Kg2 Qc2+ 38. Re2 Qxe2+ 39. Qxe2 h5 40. Qe8+ Kh7 41. Qxf7+ Kh6 42. Qxg6# 1-0

[Event "FISCA Online op"]
[Site "Chess.com INT"]
[Date "2020.06.25"]
[Round "6"]
[White "Arhan, Chethan Anand"]
[Black "Rakshith, Srinivasan"]
[Result "0-1"]
[WhiteElo "1979"]
[BlackElo "1899"]
[PlyCount "144"]
[EventDate "2020.06.19"]
[EventType "swiss"]
[EventRounds "9"]
[EventCountry "ROU"]
[SourceTitle "CBM 197 Extra"]
[Source "ChessBase"]
[SourceDate "2020.09.30"]
[SourceVersion "1"]
[SourceVersionDate "2020.09.30"]
[SourceQuality "1"]

1. d4 Nf6 2. Nc3 d5 3. Bf4 g6 4. e3 Bg7 5. Bd3 c6 6. h3 Bf5 7. Bxf5 gxf5 8. Nge2 Nbd7 9. Qd3 e6 10. f3 Qe7 11. 0-0-0 h5 12. Kb1 b5 13. Nc1 a6 14. Nb3 c5 15. Nxc5 Nxc5 16. dxc5 Qxc5 17. Be5 Rg8 18. g4 hxg4 19. hxg4 fxg4 20. fxg4 0-0-0 21. g5 Ng4 22. Bd4 Qc6 23. Qe2 Bxd4 24. Rxd4 Ne5 25. Rh5 Nc4 26. Nd1 Kb7 27. b3 Nd6 28. Qg2 Ne4 29. Nf2 Nc3+ 30. Kb2 Rc8 31. Ng4 Ne4 32. Ne5 Qc3+ 33. Kb1 Qxe3 34. Nf3 Nc3+ 35. Kb2 Ne2 36. Rd2 Nf4 37. Qh1 Nxh5 38. Qxh5 Rc7 39. Rd3 Qe4 40. Nd4 Rgc8 41. Rd2 e5 42. Ne2 Rxc2+ 43. Rxc2 Qxc2+ 44. Ka1 Qd1+ 45. Kb2 Rc2+ 46. Ka3 Qxe2 47. Qxf7+ Rc7 48. Qxd5+ Ka7 49. g6 b4+ 50. Kxb4 Qb5+ 51. Qxb5 axb5 52. Kxb5 Rg7 53. Kc5 Rxg6 54. Kd5 Rg2 55. Kxe5 Rxa2 56. Kd5 Rb2 57. Kc4 Kb6 58. Kc3 Rh2 59. Kb4 Rh4+ 60. Kc3 Kb5 61. Kd3 Rh3+ 62. Kc2 Kb4 63. Kb2 Rh2+ 64. Kc1 Kxb3 65. Kd1 Kc3 66. Ke1 Kd3 67. Kf1 Ra2 68. Kg1 Ke3 69. Kf1 Rb2 70. Kg1 Kf3 71. Kh1 Kg3 72. Kg1 Rb1# 0-1

[Event "Mumbai Wealth op 3rd"]
[Site "Mumbai"]
[Date "2018.01.03"]
[Round "5"]
[White "Rakshith, Srinivasan"]
[Black "Dixit, Nikhil"]
[Result "0-1"]
[WhiteElo "1639"]
[BlackElo "2132"]
[PlyCount "64"]
[EventDate "2017.12.30"]
[EventType "swiss"]
[EventRounds "9"]
[EventCountry "IND"]
[SourceTitle "CBM 182 Extra"]
[Source "ChessBase"]
[SourceDate "2018.02.23"]
[SourceVersion "1"]
[SourceVersionDate "2018.02.23"]
[SourceQuality "1"]

1. e4 e6 2. d4 d5 3. Nc3 Nf6 4. e5 Nfd7 5. f4 c5 6. Nf3 Nc6 7. Be3 Qb6 8. Na4 Qa5+ 9. c3 cxd4 10. b4 Qc7 11. Nxd4 Be7 12. Bd3 Nxd4 13. Bxd4 Nb8 14. 0-0 Nc6 15. Rc1 b6 16. Qg4 g6 17. Nb2 Bd7 18. Ba6 0-0 19. Bd3 Rac8 20. Be3 Qb8 21. b5 Na5 22. Bd4 Bc5 23. Bxc5 Rxc5 24. a4 Qc7 25. Nd1 d4 26. Rf3 dxc3 27. Rh3 Nb3 28. Qh4 h5 29. Qg5 Bxb5 30. axb5 Nxc1 31. Bc2 Qd8 32. Qh6 Qd2 0-1

[Event "IND-ch U13 31st"]
[Site "Jalandhar"]
[Date "2017.06.21"]
[Round "1"]
[White "Rakshith, Srinivasan"]
[Black "Panda, Sambit"]
[Result "1-0"]
[WhiteElo "1385"]
[BlackElo "2098"]
[PlyCount "151"]
[EventDate "2017.06.21"]
[EventType "swiss"]
[EventRounds "11"]
[EventCountry "IND"]
[SourceTitle "CBM 179 Extra"]
[Source "ChessBase"]
[SourceDate "2017.08.23"]
[SourceVersion "1"]
[SourceVersionDate "2017.08.23"]
[SourceQuality "1"]

1. e4 c5 2. Nf3 e6 3. d3 Nc6 4. g3 d6 5. Bg2 Nf6 6. Qe2 Be7 7. 0-0 0-0 8. Nc3 a6 9. a4 Rb8 10. Bd2 Qc7 11. Rfc1 b5 12. Nd1 Bd7 13. axb5 axb5 14. b3 e5 15. Ne3 g6 16. h3 Nd4 17. Nxd4 cxd4 18. Nd5 Nxd5 19. exd5 f5 20. c4 Rfc8 21. f4 Bf6 22. Ba5 Qb7 23. fxe5 Bxe5 24. c5 Be8 25. cxd6 Bxg3 26. Rc7 Rxc7 27. dxc7 Ra8 28. d6 Bc6 29. Qe6+ Kg7 30. Qd7+ Bxd7 31. Bxb7 Ra7 32. c8Q Bxc8 33. Bxc8 Bxd6 34. Bc3 Rxa1+ 35. Bxa1 Bc5 36. b4 Bb6 37. Bd7 Kf6 38. Bxb5 Ke5 39. Kf2 Bd8 40. Bc4 g5 41. Kf3 h5 42. Bb2 g4+ 43. hxg4 hxg4+ 44. Kg3 Bg5 45. b5 Bf4+ 46. Kg2 Be3 47. b6 Kd6 48. b7 Kc7 49. Bd5 f4 50. Ba3 f3+ 51. Kg3 Bg1 52. Bd6+ Kxd6 53. b8Q+ Kxd5 54. Qb5+ Kd6 55. Qb4+ Kd5 56. Qc4+ Ke5 57. Qc5+ Ke6 58. Qc6+ Ke7 59. Kxg4 f2 60. Qg2 Kd6 61. Kf3 Ke5 62. Ke2 f1Q+ 63. Qxf1 Be3 64. Qf7 Kd6 65. Kf3 Ke5 66. Qd7 Kf6 67. Ke4 Kg6 68. Qxd4 Bxd4 69. Kxd4 Kf6 70. Kc5 Ke7 71. Kc6 Ke8 72. d4 Kd8 73. d5 Kc8 74. d6 Kd8 75. d7 Ke7 76. Kc7 1-0